Szczegóły MARC21

Międzynarodowe stosunki gospodarcze na przełomie wieków : praca zbiorowa /

003 -Nazwa inst., której nr kontr. jest w polu 001 [,]
    • @
    • Nazwa instytucji, której n kontrolny jest w polu 001
    • NUKAT
005 -DATA I CZAS OSTATNIEJ MODYFIKACJI [,]
    • @
    • pole kontrolne
    • 20241231091332.0
020 -Międzynarod. znormalizowany nr książki - ISBN [ , ]
    • a
    • Numer ISBN
    • 8372511047 Find
040 -Instytucja sporządzająca opis [ , ]
    • a
    • Instytucja, która sporządziła opis (NP)
    • Ł U/JS
    • c
    • Instytucja, która sporządziła rekord (NP)
    • Ł U/JS
    • d
    • Instytucja, która zmodyfikowała rekord (P)
    • Ł U/AG
    • d
    • Instytucja, która zmodyfikowała rekord (P)
    • Ł U/MSs
    • d
    • Instytucja, która zmodyfikowała rekord (P)
    • GL 001/JK
942 -Rodzaj dokumentu [ , ]
    • c
    • Rodzaj dokumentu
    • Książka
245 -Strefa tytułu i oznaczenia odpowiedzialności [0,0]
    • a
    • Tytuł
    • Międzynarodowe stosunki gospodarcze na przełomie wieków : Find
    • b
    • Ciąg dalszy tytułu (NP)
    • praca zbiorowa / Find
    • c
    • Pozostałe elementy strefy tytułu i oznaczenia odpowiedzialności (NP)
    • pod red. Macieja Piklikiewicza ; [aut.: Maciej Piklikiewicz et al.].
260 -Strefa adresu wydawniczego [ , ]
    • a
    • Miejsce wydania (P)
    • Warszawa :
    • b
    • Nazwa wydawcy (P)
    • "Difin",
    • c
    • Data wydania (P)
    • 2000.
300 -Strefa opisu fizycznego [ , ]
    • a
    • Określenie formy książki i/lub objętość (NP)
    • 279 s. :
    • b
    • Oznaczenie ilustracji (NP)
    • il. ;
    • c
    • Format (NP)
    • 23 cm.
336 -Typ zawartości [ , ]
    • a
    • Termin opisujący typ zawartości
    • Tekst
    • b
    • Kod określający zawartość
    • txt
    • 2
    • Źródło (terminu i kodu)
    • rdacontent
337 -Typ mediów [ , ]
    • a
    • Tryb odtwarzania
    • Bez urządzenia pośredniczącego
    • b
    • Kod typu mediów
    • n
    • 2
    • Źródło (terminu i kodu)
    • rdamedia
338 -Typ/rodzaj nośnika [ , ]
    • a
    • Hasło opisujące typ nośnika
    • Wolumin
    • b
    • Kod typu nośnika
    • nc
    • 2
    • Źródło (terminu i kodu)
    • rdacarrier
504 -Uwaga dot. bibliogr. załącznikowej [ , ]
    • a
    • Uwaga dot. bibliografii załącznikowej
    • Bibliogr. s. [271]-279.
080 -Uniwersalna Klasyfikacja Dziesiętna [ , ]
    • a
    • Symbol klasyfikacji
    • 339.9
    • 9
    • UKD
    • 3336
    • 2
    • Identyfikator wydania tablic
    • UDC-P058
    • b
    • Dopowiedzenie
    • Gospodarka zagraniczna w ogólności. Międzynarodowe stosunki gospodarcze. Gospodarka światowa. Międzynarodowy podział pracy. Liberalizacja handlu.
650 -Hasło przedmiotowe [ ,7]
    • a
    • Hasło przedmiotowe
    • Międzynarodowe stosunki gospodarcze
    • v
    • Określnik formalny
    • podręczniki akademickie.
    • 2
    • Źródło terminu
    • kaba
    • 9
    • KHW
    • 359368
980 -Symbol UKD [ , ]
    • a
    • UKD
    • 339.9
700 -Hasło dodatkowe - nazwa osobowa [1, ]
    • a
    • Nazwa osobowa (NP)
    • Piklikiewicz, Maciej. Find
    • e
    • Określenie rodzaju współpracy
    • Red.
    • 9
    • KHW
    • 474480
710 -Hasło dodatkowe - nazwa ciała zbiorowego [2, ]
    • a
    • Nazwa ciała zbiorowego lub nazwa geograficzna jako pierwszy element (NP)
    • Difin.
    • 4
    • Kod relacji
    • pbl
    • 9
    • KHW
    • 52248
920 -ISBN [ , ]
    • a
    • ISBN
    • 83-7251-104-7 Find
Data inwentaryzacji Lokalizacja Sygnatura Numer inwentarzowy Status udost.
2001-04-19BE E.67664-2
2001-04-19BE S.87869-3
2001-07-17BGW.204181W.204181-9
2001-07-17BGW.204181W.204182-9
2001-04-19BSASA.10620SA.106201
2016-03-22GW339GW.7389-3
2016-03-22GW339GW.7390-3
2001-09-19TT.5751T.5751-3
2019-01-30TTM.14428TM.14428-3